00319 a2200109 4500001001000000005001700010008004100027245003500068100002400103773006500127999001700192ART_1292720260410161909.0260409a 10aPrincipios generales de costos1 aSafarano, José M.0 tCostos y gestióng- Año 15, Nº 58 (dic. 2005)wREV12786 c26678d26678